000 00763nam a22001817a 4500
999 _c63286
_d63286
005 20250723150926.0
008 250723s1982 en ||||| |||| 00| 0 eng d
020 _a9789401163163 X
080 _a616.89-053.2 D-49
245 _aDevelopmental disabilities : theory, assessment and intervention /
_cedited by : Michael Lewis, Lawrence T. Taft.
264 _aNew York :
_bPress Litmed, Medical Publishers,
_c1982.
300 _a439 p.:
_b ill. ;
_c24 cm.
500 _aIncludes bibliographies and index
653 _aChild development deviations--Congresses Child development--Congresses Developmentally disabled children--Congresses
653 _aმედიცინა
700 _aTaft, Lawrence T.
_eრედაქტორი
_925684
942 _2udc
_cBK